Bộ nguyên tắc của Unidroit về hợp đồng thương mại quốc tế 2004

Bộ nguyên tắc Unidroit gồm 10 chương trình bày những quy định chung, giao kết hợp đồng và thẩm quyền đại diện, hiệu lực của hợp đồng, giải thích hợp đồng, nội dung hợp đồng và quyền của người thứ ba,......

Descripció completa

Guardat en:
Dades bibliogràfiques
Format: Llibre
Idioma:Undetermined
Publicat: Hà Nội Tư pháp 2005
Matèries:
Etiquetes: Afegir etiqueta
Sense etiquetes, Sigues el primer a etiquetar aquest registre!
Thư viện lưu trữ: Trung tâm Học liệu Trường Đại học Cần Thơ
LEADER 01061nam a2200205Ia 4500
001 CTU_103373
008 210402s9999 xx 000 0 und d
020 |c 80000 
082 |a 346.07 
082 |b B450 
245 0 |a Bộ nguyên tắc của Unidroit về hợp đồng thương mại quốc tế 2004 
260 |a Hà Nội 
260 |b Tư pháp 
260 |c 2005 
520 |a Bộ nguyên tắc Unidroit gồm 10 chương trình bày những quy định chung, giao kết hợp đồng và thẩm quyền đại diện, hiệu lực của hợp đồng, giải thích hợp đồng, nội dung hợp đồng và quyền của người thứ ba,... 
650 |a Contracts (International law),Commercial law 
650 |x Cases,Cases 
904 |i Truc, Năm sửa số PL 341.753 thành 346.07 đã in nhãn, Trọng Hiếu 
910 |a Sửa số PL từ 346.07 thành 382 (International Laws) 
980 |a Trung tâm Học liệu Trường Đại học Cần Thơ